Sài Gòn mê

Là những trang tản văn viết về đất và người Sài Gòn với những nét văn hóa, lịch sử đặc trưng có so sánh đối chiếu từ những dấu xưa đến những mảnh ghép văn hóa. Những khúc tâm tình của người phố thị......

Ful tanımlama

Kaydedildi:
Detaylı Bibliyografya
Materyal Türü: Kitap
Dil:Undetermined
Baskı/Yayın Bilgisi: Thành phố Hồ Chí Minh Tổng hợp Thành phố Hồ Chí Minh 2015
Konular:
Etiketler: Etiketle
Etiket eklenmemiş, İlk siz ekleyin!
Thư viện lưu trữ: Trung tâm Học liệu Trường Đại học Cần Thơ
LEADER 00945nam a2200205Ia 4500
001 CTU_222887
008 210402s9999 xx 000 0 und d
020 |c 80000 
082 |a 959.779 
082 |b S103 
245 0 |a Sài Gòn mê 
245 0 |c Nhiều tác giả 
260 |a Thành phố Hồ Chí Minh 
260 |b Tổng hợp Thành phố Hồ Chí Minh 
260 |c 2015 
520 |a Là những trang tản văn viết về đất và người Sài Gòn với những nét văn hóa, lịch sử đặc trưng có so sánh đối chiếu từ những dấu xưa đến những mảnh ghép văn hóa. Những khúc tâm tình của người phố thị... 
650 |a Ho Chi Minh City (Vietnam),Thành phố Hồ Chí Minh 
650 |x History,Lịch sử 
904 |i Hải 
980 |a Trung tâm Học liệu Trường Đại học Cần Thơ